000 00761nam a2200289Ia 4500
005 20260324142059.0
008 008 260324s9999 xx 000 0 eng d
020 _a9780429300844
037 _aEBOOK
040 _aCRL
040 _beng
040 _cCRL
041 _2eng
041 _aeng
084 _qCRL
100 _aVinod Aggarwal; Pauline Kerr; Andrew Mack; John Ravenhill; Paul M Evans
_91210613
245 0 _aPacific Cooperation
245 0 _bBuilding Economic And Security Regimes In The Asia-pacific Region
260 _bTaylor and Francis
260 _c1995
365 _a
365 _b230
856 _uhttp://www.taylorfrancis.com/books/9780429300844
942 _cEBOOK
999 _c1814389
_d1814389